Selected poetry and prose

Colección de los trabajos líricos más importantes y también canciones individuales que Blake realizó; asimismo incluye una introducción y una crítica correspondiente a cada una de las obras presentes.

Gespeichert in:
Bibliographische Detailangaben
1. Verfasser: Blake, William
Format: Buch
Sprache:Undetermined
Veröffentlicht: New York, Estados Unidos The modern library 1953
Schlagworte:
Tags: Tag hinzufügen
Keine Tags, Fügen Sie den ersten Tag hinzu!

MARC

LEADER 00000nam a2200000Ia 4500
008 170316s9999 xx 000 0 und d
040 |a cru BVZT 
090 |a 820 B-18s 
100 |a Blake, William 
245 |a Selected poetry and prose 
260 |a New York, Estados Unidos 
260 |b The modern library 
260 |c 1953 
300 |a 475 páginas 
520 |a Colección de los trabajos líricos más importantes y también canciones individuales que Blake realizó; asimismo incluye una introducción y una crítica correspondiente a cada una de las obras presentes. 
650 |a LITERATURA INGLESA  |9 12 
999 |c 6723  |d 6723 
942 |c 15 D  |h 820 B-18s  |2 z